[Event "Hessenliga 1314"]
[Site "Germany"]
[Date "2014.02.02"]
[Round "6.6"]
[White "Will, Dominik"]
[Black "Sehn, Norbert"]
[Result "0-1"]
[WhiteElo "2117"]
[BlackElo "2065"]
[PlyCount "74"]
[EventDate "2013.09.29"]
[EventType "team-tourn"]
[EventRounds "9"]
[EventCountry "GER"]
[SourceTitle "EXT 2015"]
[Source "ChessBase"]
[SourceDate "2014.11.20"]
[SourceVersion "1"]
[SourceVersionDate "2014.11.20"]
[SourceQuality "1"]
[WhiteTeam "Bad Nauheim"]
[BlackTeam "Fulda"]
[WhiteTeamCountry "GER"]
[BlackTeamCountry "GER"]

1. e4 d5 2. exd5 Qxd5 3. Nc3 Qd6 4. d4 Nf6 5. Nf3 c6 6. Bc4 Be6 7. Bxe6 Qxe6+ 8. Ne2 g6 9. 0-0 Bg7 10. Nf4 Qd6 11. Nd3 0-0 12. Bf4 Qd8 13. Re1 Re8 14. Qd2 Nbd7 15. Bh6 Rc8 16. Bxg7 Kxg7 17. c4 Qb6 18. Qc3 Rcd8 19. Re2 c5 20. d5 Qd6 21. Rae1 Kg8 22. Ng5 h6 23. Ne4 Nxe4 24. Rxe4 b5 25. b3 bxc4 26. bxc4 Rb8 27. Qc1 Kg7 28. Qe3 e5 29. Nxe5 Nf6 30. Rh4 g5 31. Rh3 Rxe5 32. Qc1 Rxe1+ 33. Qxe1 Re8 34. Qc1 Qf4 35. Re3 Re4 36. h4 Rxc4 37. Qd2 Ne4 0-1

[Event "Hessenliga 1314"]
[Site "Germany"]
[Date "2013.10.20"]
[Round "2.5"]
[White "Will, Dominik"]
[Black "Krahe, Frank"]
[Result "1/2-1/2"]
[WhiteElo "2117"]
[BlackElo "2192"]
[PlyCount "72"]
[EventDate "2013.09.29"]
[EventType "team-tourn"]
[EventRounds "9"]
[EventCountry "GER"]
[SourceTitle "EXT 2015"]
[Source "ChessBase"]
[SourceDate "2014.11.20"]
[SourceVersion "1"]
[SourceVersionDate "2014.11.20"]
[SourceQuality "1"]
[WhiteTeam "Bad Nauheim"]
[BlackTeam "Dotzheim"]
[WhiteTeamCountry "GER"]
[BlackTeamCountry "GER"]

1. e4 e5 2. Nf3 Nc6 3. Bb5 a6 4. Ba4 d6 5. c3 f5 6. exf5 Bxf5 7. 0-0 Bd3 8. Re1 Be7 9. Bc2 e4 10. Bxd3 exd3 11. Qb3 d5 12. Qxb7 Kd7 13. Nd4 Nxd4 14. Qxd5+ Ke8 15. Qxd4 Qxd4 16. cxd4 Kf7 17. Re3 Nf6 18. Rxd3 Rhe8 19. Nc3 Bc5 20. Kf1 Rad8 21. h3 Bxd4 22. Ne2 Bxb2 23. Rxd8 Bxa1 24. Rxe8 Kxe8 25. d3 Nd5 26. Bd2 Kd7 27. Nf4 Nxf4 28. Bxf4 c6 29. Ke2 Ke6 30. Be3 Kd5 31. g4 g6 32. f4 h5 33. Kf3 Bf6 34. Ke2 hxg4 35. hxg4 Bg7 36. Kd2 c5 1/2-1/2

[Event "Hessenliga 1314"]
[Site "Germany"]
[Date "2013.09.29"]
[Round "1.4"]
[White "Will, Dominik"]
[Black "Bingert, Tim Niklas"]
[Result "0-1"]
[WhiteElo "2117"]
[BlackElo "2044"]
[PlyCount "58"]
[EventDate "2013.09.29"]
[EventType "team-tourn"]
[EventRounds "9"]
[EventCountry "GER"]
[SourceTitle "EXT 2015"]
[Source "ChessBase"]
[SourceDate "2014.11.20"]
[SourceVersion "1"]
[SourceVersionDate "2014.11.20"]
[SourceQuality "1"]
[WhiteTeam "Bad Nauheim"]
[BlackTeam "Langen"]
[WhiteTeamCountry "GER"]
[BlackTeamCountry "GER"]

1. Nc3 c5 2. e4 Nc6 3. f4 e6 4. Nf3 d5 5. Bb5 Nge7 6. exd5 exd5 7. Qe2 g6 8. Qe5 Rg8 9. Qe2 Bg7 10. 0-0 Bg4 11. Bxc6+ bxc6 12. d3 Kf8 13. h3 Bxf3 14. Qxf3 Rb8 15. Nd1 f5 16. c3 Qd6 17. Kh1 Kf7 18. Qf2 Rge8 19. Qc2 Nc8 20. c4 Rb7 21. Bd2 Rbe7 22. Rc1 d4 23. Nf2 Re2 24. Qd1 Kg8 25. Ne4 R2xe4 26. dxe4 fxe4 27. Re1 e3 28. Ba5 Qxf4 29. Qd3 Be5 0-1

[Event "Karl Mala Memorial op-A 16th"]
[Site "Frankfurt"]
[Date "2013.07.13"]
[Round "5"]
[White "Will, Dominik"]
[Black "Solodovnichenko, Yuri"]
[Result "0-1"]
[WhiteElo "2096"]
[BlackElo "2565"]
[PlyCount "80"]
[EventDate "2013.07.11"]
[EventType "swiss"]
[EventRounds "7"]
[EventCountry "GER"]
[SourceTitle "EXT 2014"]
[Source "ChessBase"]
[SourceDate "2013.11.20"]
[SourceVersion "1"]
[SourceVersionDate "2013.11.20"]
[SourceQuality "1"]

1. e4 d6 2. d4 g6 3. Nc3 Bg7 4. f4 a6 5. Nf3 b5 6. Bd3 Nd7 7. e5 Nh6 8. 0-0 0-0 9. Ne4 c5 10. c3 cxd4 11. cxd4 Nb6 12. Ng3 Be6 13. Qe2 Qd7 14. Bd2 dxe5 15. fxe5 Nc4 16. Bc3 Rac8 17. Ne4 Bf5 18. Rad1 Qa7 19. Kh1 Ng4 20. Ra1 Nce3 21. Rfe1 Nd5 22. Bd2 h5 23. a4 b4 24. a5 Rc6 25. h3 Nh6 26. Bg5 Be6 27. Nc5 Nf5 28. Kh2 Bc8 29. Nb3 Qc7 30. Rac1 f6 31. Rxc6 Qxc6 32. Rc1 Qa8 33. Bd2 Kh8 34. Be4 Rd8 35. Qc4 e6 36. Nc5 fxe5 37. Nxe5 Qb8 38. Ncd3 Nd6 39. Qc6 Nxe4 40. Kg1 Nd6 0-1